vrai ou faux-édition foot - Statistiques

Statistiques générales
  • Ce quiz a été pris 611 fois
    254 depuis la dernière actualisation
  • Le résultat moyen est 5 sur 7
Answers on the Grid
Answers color-coded by a green-red scale on the quiz's grid according to % correct below.
Messi est le joueur qui a
remporter le plus de ballon d'or.
CR7 a gagner 1 coupe du
monde.
Le dernier gagnant de la ldc
est le real Madrid.
Le Brésil est le pays avec le
plus de coupe du monde.
Lamine Yamal est le plus jeune
joueur a avoir remporter le ballon
d'or.
Kylian Mbappé a 2 coupe du monde.
Haaland a 1ballon d'or
Lewandowski a réussi a marquer 5 buts
en 9minutes.
Le PSG a gagner la ligue des champions.
L'olympique de Marseille est le seul club
Français a avoir gagner la ldc.
Maradona a jouer pour Naples durant sa
carrière.
Messi a été le 1er joueur a atteindre les 900
buts en carrière.
Le FC Barcelone a le meilleur centre de
formation dans le monde.
La Ligue 1 est l'une des pires Ligue de football
professionnel en Europe.
Ronaldo a jouer pour le PSG dans sa carrière.
La France a gagner la coupe du monde 2022
contre l'Argentine.
L'Uruguay est le 1er pays a avoir gagner la coupe
du monde.
Arsenal a gagner la ligue des champions dans son
histoire.
 
Statistiques - réponses
Réponse % Correct
Messi est le joueur qui a
remporter le plus de ballon d'or.
99%
Le Brésil est le pays avec le
plus de coupe du monde.
81%
Le PSG a gagner la ligue des champions.
77%
Lewandowski a réussi a marquer 5 buts
en 9minutes.
77%
Maradona a jouer pour Naples durant sa
carrière.
72%
L'Uruguay est le 1er pays a avoir gagner la coupe
du monde.
68%
Le FC Barcelone a le meilleur centre de
formation dans le monde.
63%
Aucun quiz correspondant
Distribution des résultats
% des personnes avec chaque résultat
Percentile par nombre de réponses
Votre historique - résultats
Vous n’avez pas pris ce quiz depuis la dernière actualisation